HAVE A NICE CONFLICT HOW TO FIND SUCCESS (Record no. 21281)
[ view plain ]
| 000 -LEADER | |
|---|---|
| fixed length control field | 00334nam a2200133Ia 4500 |
| 008 - FIXED-LENGTH DATA ELEMENTS--GENERAL INFORMATION | |
| fixed length control field | 240624s9999 xx 000 0 und d |
| 041 ## - LANGUAGE CODE | |
| Language code of text/sound track or separate title | eng |
| 082 ## - DEWEY DECIMAL CLASSIFICATION NUMBER | |
| Classification number | 650.1 SCU |
| 100 ## - MAIN ENTRY--PERSONAL NAME | |
| Personal name | SCUDDER TIM |
| 245 ## - TITLE STATEMENT | |
| Title | HAVE A NICE CONFLICT HOW TO FIND SUCCESS |
| 260 ## - PUBLICATION, DISTRIBUTION, ETC. | |
| Date of publication, distribution, etc. | 2012 |
| Place of publication, distribution, etc. | San Francisco |
| Name of publisher, distributor, etc. | Jossey-Bass |
| 300 ## - PHYSICAL DESCRIPTION | |
| Extent | 240 : p. |
| 365 ## - TRADE PRICE | |
| Currency code | |
| Price amount | 28 |
| Withdrawn status | Lost status | Damaged status | Not for loan | Home library | Current library | Shelving location | Date acquired | Source of acquisition | Cost, normal purchase price | Full call number | Barcode | Date last seen | Copy number | Price effective from | Koha item type |
|---|---|---|---|---|---|---|---|---|---|---|---|---|---|---|---|
| IMTN | IMTN | Rack 18-B | 05/27/2013 | IBH | 22.95 | 650.1 SCU | 21281 | 06/24/2024 | 57.3 | 06/24/2024 | Books |